Fire and explosion : dow's safety and loss prevention guide hazard classification and protection /

Guardado en:
Autor Corporativo: Chemical engineering progress.
Formato: Libro
Idioma:English
Publicado: New York : American Institute of Chemical Engineers (AICHE), c1973.
Series:A CEP technical manual
Materias:
Etiquetas: Agregar Etiqueta
Sin Etiquetas, Sea el primero en etiquetar este registro!
LEADER 01044nam a22002415a 4500
001 EIQ.libpla000809
008 060531s19739999nyuao####bf###000#0#eng#d
005 20061213164533.0
245 0 0 |a Fire and explosion :  |b dow's safety and loss prevention guide hazard classification and protection /  |c prepared by editors of Chemical engineering progress. 
260 |a New York :  |b American Institute of Chemical Engineers (AICHE),  |c c1973. 
300 |a 41 p. ;  |c 26 cm. 
490 0 |a A CEP technical manual 
504 |a Incluye referencias bibliográficas. 
500 |a "A new edition of Dow's process safety guide originally published in 1966". 
710 2 |a Chemical engineering progress. 
082 0 0 |a 668.4/234 
650 4 |a Prevención de incendios  |x Handbooks, manuales, etc. 
650 4 |a Explosiones  |x Handbooks, manuales, etc. 
650 4 |a Fire prevention  |x Handbooks, manuals, etc. 
650 4 |a Explosions  |x Handbooks, manuals, etc. 
010 |a  73159409  
040 |a DLC  |c DLC  |d AR-BbSID 
859 |a AR-BbSID  |b BIB. PLAPIQUI  |h 660.2804  |i F 514  |p 5851